| 000 | 00661nam a22002177a 4500 | ||
|---|---|---|---|
| 008 | 161126b xxu||||| |||| 00| 0 eng d | ||
| 010 | _a235886 | ||
| 020 | _c25.00 | ||
| 035 | _a235886 | ||
| 037 | _aCen Lib / Ret | ||
| 040 |
_aDPL _bEN |
||
| 082 |
_a499.5431 _bLOK |
||
| 100 | _aLokesh Chandra | ||
| 245 |
_aTibetan-Sanskrit Dictionary / _cby Lokesh Chandra |
||
| 260 |
_aNew Delhi _bInternational Academy Of Indian Culture _c1961 |
||
| 270 |
_aJ 22 Hauz Khas Enclave _bNew Delhi _e110066 |
||
| 300 |
_av 3. 2361p. _b24cm |
||
| 650 | _aSanskrit--Tibetan-- Dictionary | ||
| 650 | _a Dictionary | ||
| 942 |
_2ddc _cEN _h499.5431 _mLOK |
||
| 999 |
_c136817 _d136817 |
||